Easy World War 2 Quiz - Statistics

General Stats
  • This quiz has been taken 36 times
  • The average score is 24 of 45
Answer Stats
Hint Answer % Correct
Who was the leader of Germany during the majority of World War 2? Adolf Hitler
86%
what year did Hitler take full control of Germany? 1934
83%
What year was Hitler appointed as Chancellor? 1933
79%
What year did Germany re-militarize the Rhineland? 1936
79%
What year did Germany invade the USSR? 1941
79%
What year did the U.S. officially join the war? 1941
79%
What year did the Germans surrender? 1945
79%
What year did Japan surrender? 1945
79%
Who was the leader of Italy during the majority of World War 2? Benito Mussolini
79%
Who was the leader of the USSR during the majority of World War 2? Joseph Stalin
79%
What country sent Lenin back to Russia? Germany
76%
What was the German air force called? Luftwaffe
76%
What bombing caused the U.S. to declare war on Japan? Pearl Harbor
76%
On what city? Nagasaki
72%
What region of France did the allies invade? Normandy
72%
On what city? Hiroshima
69%
What was the day of the allied invasion called? D-Day
66%
What was the first atomic bomb dropped called? Little Boy
66%
The Anschluss refers to the German occupation of what country? Austria
62%
Who was the leader of Japan during the majority of World War 2? Hirohito
62%
What year did Mussolini come to power in Italy? 1924
55%
What was the second atomic bomb dropped called? Fat man
55%
What city did the largest campaign occur in Russia? Stalingrad
55%
What was the German's strategy to avoid long war known as? Blitzkrieg
52%
What is the umbrella term for the German atrocities during World War 2? Holocaust
52%
What was the mission to create the atomic bombs known as? Manhattan Project
52%
What was the battle in which British soldiers evacuated France? Dunkirk
48%
What battle in the Pacific resulted in a devastating Japanese defeat and loss? Midway
48%
Who was the president that appointed Hitler as chancellor? Paul von Hindenburg
45%
What was the UK's air force called? RAF
45%
What is the German operation that invaded the USSR called? Barbarossa
38%
What was the final German offensive on the Western front called? Battle of the Bulge
38%
How many days did it take for Poland to fall? 26
34%
What was Germany's battle against Britain known as? Battle of Britain
34%
Who was the leader of France during the majority of World War 2? Charles de Gaulle
34%
What was the second allied conference called? Yalta
31%
What was the UK's diplomatic strategy for Germany? Appeasement
28%
Who was the leader of the United States during the majority of World War 2? Franklin Delano Roosevelt
28%
What was the bloodiest battle in the Pacific? Okinawa
28%
What was the Soviet-German Poland invasion agreement known as? Molotov-Ribbentrop
21%
What was the third allied conference called? Potsdam
21%
What was the first allied conference called? Tehran
17%
What was the allied invasion of North Africa called? Torch
10%
were the treaties called that ended ww2? Paris Peace Treaties
3%
What is the symbolic first battle of WW2? Westerplatte
3%
No matching quizzes found
Score Distribution
Percent of People with Each Score
Percentile by Number Answered
Your Score History
You have not taken this quiz